| 000 | 00967nam0a22002531 4500 | ||
|---|---|---|---|
| 001 | v19\rc\2078517 | ||
| 005 | 20260406173756.0 | ||
| 035 | _a(NLR Aleph) 005149561 | ||
| 090 |
_a4886852 _c4886852 |
||
| 100 | _a20081218d1911 |||y0rusy50 ca | ||
| 101 | 0 | _arus | |
| 102 | _aRU | ||
| 105 | _ay z ||||| | ||
| 200 | 1 | _aУстав общества художников "Бубновый валет" | |
| 210 |
_aМосква _d1911 |
||
| 532 | 1 | 3 | _aУстав общества художников Бубновый валет |
| 710 | 0 | 2 |
_a"Бубновый валет", общество художников _cМосква _9378166 _3RU\NLR\AUTH\889941666 |
| 801 | 0 |
_aRU _bNLR _gpsbo |
|
| 801 | 1 |
_aRU _bProSoft-M _2rusmarc |
|
| 830 | _aИсточник: Искусство стран и народов мира. Краткая худож. энциклопедия. Т. 3. М., 1971, с. 760 | ||
| 852 |
_aNLR _jDesideratum |
||
| 942 | _cBOOK | ||
| 980 | _aNB | ||